000 00929nam a2200277 i 4500
005 20240829035024.0
007 ta
008 000030 2013 ck a gr spa d spa
020 _a9789589177921
040 _aCO-BoRNBP
_bspa
_erda
_cCO-BoRNBP
041 _aspa
082 0 4 _aCo861.6
_bC64
_223
245 0 0 _aColombia cantada
_bpoesía
_ceditor Iván Hernández A. ; ilustración de Daniel Gómez
250 _aPrimera edición
264 1 _aBogotá
_bMinisterio de Cultura
_c2012
300 _a123 páginas
_bilustraciones en blanco y negro
_c23 cm
336 _atexto
_btxt
_2rdacontent
337 _asin mediación
_bn
_2rdamedia
338 _avolumen
_bnc
_2rdacarrier
650 1 7 _aPoesía colombiana
_2ARMARC
650 1 7 _aLiteratura colombiana
_2ARMARC
650 1 7 _aVida cotidiana
_vPoesía
_2ARMARC
700 1 _aGómez, Daniel
_eilustrador
700 1 _aHernández A., Iván
_eeditor
942 _2ddc
_cLIT
999 _c59798
_d59798